|
|
|
|
| LEADER |
00000nab a2200000u 4500 |
| 001 |
vtls012249932 |
| 003 |
SK-MaSNL |
| 005 |
20260303210656.0 |
| 008 |
240209|19461030xo ||||||| ||00 ||slo| |
| 038 |
|
|
|a KEVKJB
|
| 040 |
|
|
|a KEVKJB
|b slo
|e rda
|
| 041 |
0 |
|
|a slo
|
| 043 |
|
|
|a e-xo---
|
| 044 |
|
|
|a xo
|c SK
|
| 072 |
|
7 |
|a 796
|x Šport. Hry. Telesné cvičenia
|2 konspekt
|
| 080 |
|
|
|a 796.422.16
|2 2011
|
| 100 |
1 |
|
|a (čan)
|4 aut
|9 1241691
|
| 245 |
1 |
0 |
|a XVI. ročník Maratónu slobody stal sa korisťou Fína Hietanena
|b z ČSR najlepšie sa umiestnil Weisshäutel ...
|c [autor] (Čan)
|
| 300 |
|
|
|b Fotografie
|
| 336 |
|
|
|a text
|b txt
|2 rdacontent
|
| 337 |
|
|
|a bez média
|b n
|2 rdamedia
|
| 338 |
|
|
|a zväzok
|b nc
|2 rdacarrier
|
| 611 |
2 |
7 |
|a Medzinárodný maratón mieru
|n (16. :
|d 1946 :
|c Košice, Slovensko)
|2 kevkjb
|9 1241692
|
| 650 |
0 |
7 |
|a maratón
|2 SNKPH
|9 22999
|
| 651 |
|
7 |
|a Košice (Slovensko)
|2 SNKPHgeo
|9 18694
|
| 773 |
0 |
|
|t Demokrat
|g Roč. II, č. 246 (30.10.1946), s. 6
|
| 852 |
|
|
|a KEVKJB
|b KIS3GCP
|
| 999 |
|
|
|c 2201213
|d 2203143
|